000 01387cam a22003617a 4500
003 CHAP
005 20220817043837.0
008 010920d2001 mx r 00110 spa d
010 _a85901
011 _a86873
035 _a97413
040 _cCHAP
090 _aTesis
100 0 0 _aZárate Gutiérrez, Jesús Manuel.
_9124109
245 1 0 _aAnálisis técnico-económico de la empresa lechera "El Progreso" en el municipio de Texcoco, estado de México
_c/por Jesús Manuel Zárate Gutiérrez
260 _aChapingo, Méx. :
_bEl autor,
_c2002.
300 _a131 h. ;
_bgráfs. ; cuadros
502 _aTesis (Ing. Agr. Esp. en Economía Agrícola) -- UACH. División de Ciencias Económico Administrativas
590 _aALEPH
_b10
_c20130110
_lUCH01
_h1447
590 _aBATCH-UPD
_b10
_c20130110
_lUCH01
_h0404
590 _aBATCH-UPD
_b10
_c20130410
_lUCH01
_h0037
590 _aBATCH-UPD
_b10
_c20130410
_lUCH01
_h1526
590 _aBATCH-UPD
_b10
_c20130914
_lUCH01
_h1517
590 _aCONVERSION
_b10
_c20130109
_lUCH01
_h1348
650 1 4 _aGanado lechero
_zMéxico (Edo.).
_945314
650 1 4 _aIndustria lechera
_xVeracruz.
650 1 4 _aLeche
_xMercadeo
_xMéxico (Edo.)
_965387
901 _aBK
905 _aAlejandra Carrasco M.
942 _cFOLL
949 _aTesis
_bBC
_cTES
_d33724000867156
_eTS2
_fc.2
_h39468
_i97413
_si
949 _aTesis
_bBC
_cTES
_d97413
_eTS1
_h39467
_i97413
_sb
999 _c85901
_d85901